000 00336 a2200157 4500
001 177056
020 _a
040 _cMagnum
100 _aVerissimo, Erico
240 1 0 _aOlhai os lírios do campo
_lpor
245 1 0 _aOlhai os lírios do campo
362 0 _a1899
440 1 _aGlobo
697 _aMAGNITO: A/ROMANCE
942 _cBK
999 _c177056
_d177056